Energetická bezpečnost a status Kaspického moře

Kľúčové body koncepcie energetickej bezpečnosti Kaspického regiónu z ktorých treba vychádzať pre pochopenie systému fungovania určitých jednaní štátnych a neštátnych organizácií v zložitých a konfliktných situáciách, ako je napr. rusko-ukrajinská energetická kríza a jej možné hrozby koncepcie energe...

Descrizione completa

Salvato in:
Dettagli Bibliografici
Autore principale: Dilbazi, Eltay
Natura: Capitolo di libro
Lingua:ceco
Soggetti:
Tags: Aggiungi Tag
Nessun Tag, puoi essere il primo ad aggiungerne!!

MARC

LEADER 00000nla a2200000 4500
001 0157631
005 20240108072031.1
041 0 |a cze 
044 |a CZ 
245 1 0 |a Energetická bezpečnost a status Kaspického moře  |c Eltay Dilbazi 
520 |a Kľúčové body koncepcie energetickej bezpečnosti Kaspického regiónu z ktorých treba vychádzať pre pochopenie systému fungovania určitých jednaní štátnych a neštátnych organizácií v zložitých a konfliktných situáciách, ako je napr. rusko-ukrajinská energetická kríza a jej možné hrozby koncepcie energetickej bezpečnosti EÚ. 
610 2 0 |a bezpečnosť energetická 
610 2 0 |a bezpečnosť európska 
610 2 0 |a Európska únia 
610 2 0 |a Azerbajdžan 
610 2 0 |a kríza hospodárska 
610 2 0 |a ropa 
610 2 0 |a plyn zemný 
610 2 0 |a Ukrajina 
610 2 0 |a Rusko 
100 1 |a Dilbazi, Eltay